<?xml version="1.0" encoding="UTF-8"?><?xml-stylesheet type="text/xsl" href="static/style.xsl"?><OAI-PMH xmlns="http://www.openarchives.org/OAI/2.0/" xmlns:xsi="http://www.w3.org/2001/XMLSchema-instance" xsi:schemaLocation="http://www.openarchives.org/OAI/2.0/ http://www.openarchives.org/OAI/2.0/OAI-PMH.xsd"><responseDate>2026-04-13T06:50:57Z</responseDate><request verb="GetRecord" identifier="oai:www.recercat.cat:20.500.12328/3716" metadataPrefix="marc">https://recercat.cat/oai/request</request><GetRecord><record><header><identifier>oai:recercat.cat:20.500.12328/3716</identifier><datestamp>2025-05-16T12:59:49Z</datestamp><setSpec>com_2072_67741</setSpec><setSpec>col_2072_484352</setSpec></header><metadata><record xmlns="http://www.loc.gov/MARC21/slim" xmlns:dcterms="http://purl.org/dc/terms/" xmlns:xsi="http://www.w3.org/2001/XMLSchema-instance" xmlns:doc="http://www.lyncode.com/xoai" xsi:schemaLocation="http://www.loc.gov/MARC21/slim http://www.loc.gov/standards/marcxml/schema/MARC21slim.xsd">
   <leader>00925njm 22002777a 4500</leader>
   <datafield ind2=" " ind1=" " tag="042">
      <subfield code="a">dc</subfield>
   </datafield>
   <datafield ind2=" " ind1=" " tag="720">
      <subfield code="a">Díez-Izquierdo, Ana</subfield>
      <subfield code="e">author</subfield>
   </datafield>
   <datafield ind2=" " ind1=" " tag="720">
      <subfield code="a">Lidón-Moyano, Cristina</subfield>
      <subfield code="e">author</subfield>
   </datafield>
   <datafield ind2=" " ind1=" " tag="720">
      <subfield code="a">Martínez-Sánchez, José María</subfield>
      <subfield code="e">author</subfield>
   </datafield>
   <datafield ind2=" " ind1=" " tag="260">
      <subfield code="c">2023</subfield>
   </datafield>
   <datafield ind2=" " ind1=" " tag="520">
      <subfield code="a">We read with interest “Thirdhand Smoke Exposure Induces Oxidative Damage, Initiates Skin Inflammatory Disease, and Adversely Alters the Human Plasma Proteome” by Sakamaki-Ching et al.,1 which is reported by the authors as the first clinical study identifying the molecular adverse health effects of third-hand smoke (THS) dermal exposure in humans. Tobacco smoke exposure is not limited to Second-Hand smoke (SHS), THS, known as the combination of gases and particles that, after having smoked, persist on surfaces, in dust or even on people's hair, skin and clothing.2,3 Until now, THS components were demonstrated to have damaging health effects, by being inhaled, ingested, and recently also was demonstrated that were even absorbed through the skin.1,2 Sakamaki-Ching et al. work provide urinary biomarkers and plasma proteomics pathway analysis of the effects of THS, demonstrating acute dermal THS exposure is not only harmful to humans, but also has the potential to initiate diseases. Although the study only included 10 individuals, it is enough to show that exposure to THS increases tobacco specific biomarkers (as cotinine) in urine, indicating the possible use of such biomarkers to objectively quantify THS exposure, in addition to self-reported information regarding tobacco exposure, and other biomarkers such as nicotine that accumulates on the hands.1 Moreover, according to Sakamaki-Ching et al. study, THS exposure alters human plasma proteome, initiates mechanisms of skin inflammatory disease, and elevates urinary biomarkers of oxidative harm, these harmful effects being similar to those of cigarette smoking.</subfield>
   </datafield>
   <datafield ind1="8" ind2=" " tag="024">
      <subfield code="a">Díez Izquierdo, Ana; Lidón-Moyano, Cristina; Martínez-Sánchez, José María. Tobacco smoke is not limited to second hand smoke. eBioMedicine, 2022, 87, 104412. Disponible en: &lt;https://www.thelancet.com/journals/ebiom/article/PIIS2352-3964(22)00594-1/fulltext>. Fecha de acceso: 7 jun. 2023. DOI: 10.1016/j.ebiom.2022.104412</subfield>
   </datafield>
   <datafield ind1="8" ind2=" " tag="024">
      <subfield code="a">2352-3964</subfield>
   </datafield>
   <datafield ind1="8" ind2=" " tag="024">
      <subfield code="a">http://hdl.handle.net/20.500.12328/3716</subfield>
   </datafield>
   <datafield ind1="8" ind2=" " tag="024">
      <subfield code="a">10.1016/j.ebiom.2022.104412</subfield>
   </datafield>
   <datafield tag="653" ind2=" " ind1=" ">
      <subfield code="a">Tabac</subfield>
   </datafield>
   <datafield tag="653" ind2=" " ind1=" ">
      <subfield code="a">Tabaco</subfield>
   </datafield>
   <datafield tag="653" ind2=" " ind1=" ">
      <subfield code="a">Tobacco</subfield>
   </datafield>
   <datafield ind2="0" ind1="0" tag="245">
      <subfield code="a">Tobacco smoke is not limited to second hand smoke</subfield>
   </datafield>
</record></metadata></record></GetRecord></OAI-PMH>